[Event "36. Copenhagen Open (Politiken Cup)"]
[Site "Elsinore"]
[Date "2014.07.24"]
[Round "5"]
[White "Ikeda, Junta"]
[Black "Cornette, Matthieu"]
[Result "1/2-1/2"]
[WhiteElo "2402"]
[BlackElo "2532"]
[PlyCount "44"]
[EventDate "2014.07.21"]
[EventType "swiss"]
[EventRounds "10"]
[EventCountry "DEN"]
[Source "ChessBase"]
[SourceDate "2014.08.29"]

1. Nf3 Nf6 2. c4 g6 3. Nc3 Bg7 4. g3 O-O 5. Bg2 d5 6. cxd5 Nxd5 7. O-O Nc6 8.
d4 Bf5 9. Ne1 Be6 10. Nc2 Nxc3 11. bxc3 Na5 12. e4 c5 13. e5 cxd4 14. cxd4 Rc8
15. Bf4 f6 16. Re1 Qd7 17. d5 fxe5 18. Bxe5 Bg4 19. f3 Bxe5 20. Rxe5 Qd6 21.
Re1 Bd7 22. Ne3 Nc4 1/2-1/2

[Event "36. Copenhagen Open (Politiken Cup)"]
[Site "Elsinore"]
[Date "2014.07.24"]
[Round "5"]
[White "Inhoven, Stefan"]
[Black "Jarlnaes, Erik"]
[Result "1-0"]
[WhiteElo "2124"]
[BlackElo "1892"]
[PlyCount "47"]
[EventDate "2014.07.21"]
[EventType "swiss"]
[EventRounds "10"]
[EventCountry "DEN"]
[Source "ChessBase"]
[SourceDate "2014.08.29"]

1. d4 Nf6 2. Nc3 e6 3. e4 d5 4. Bg5 Be7 5. e5 Nfd7 6. Bxe7 Qxe7 7. Qh5 a6 8. f4
c5 9. Nf3 Nc6 10. dxc5 Nxc5 11. O-O-O b5 12. Bd3 b4 13. Ne2 Nxd3+ 14. cxd3 Bb7
15. Kb1 h6 16. Rc1 g6 17. Qh3 Kf8 18. Rhg1 Kg7 19. g4 Rac8 20. d4 f6 21. f5
exf5 22. gxf5 g5 23. Nf4 fxe5 24. f6+ 1-0

[Event "36. Copenhagen Open (Politiken Cup)"]
[Site "Elsinore"]
[Date "2014.07.24"]
[Round "5"]
[White "Ivarsson, Torbjorn"]
[Black "Tryggestad, Andreas Garberg"]
[Result "1-0"]
[WhiteElo "2131"]
[BlackElo "1912"]
[PlyCount "45"]
[EventDate "2014.07.21"]
[EventType "swiss"]
[EventRounds "10"]
[EventCountry "DEN"]
[Source "ChessBase"]
[SourceDate "2014.08.29"]

1. e4 c5 2. Nc3 e6 3. Nge2 d5 4. exd5 exd5 5. d4 Nf6 6. Bg5 Nc6 7. Qd2 Be6 8.
O-O-O c4 9. Nf4 Bb4 10. Re1 Qd6 11. Bxf6 Bxc3 12. bxc3 gxf6 13. g3 O-O-O 14.
Bg2 b5 15. Re3 Kc7 16. Rhe1 Rhe8 17. Bxd5 Qa3+ 18. Kb1 b4 19. cxb4 c3 20. Rxc3
Qxb4+ 21. Ka1 Bxd5 22. Nxd5+ Rxd5 23. Rxc6+ 1-0

[Event "36. Copenhagen Open (Politiken Cup)"]
[Site "Elsinore"]
[Date "2014.07.24"]
[Round "5"]
[White "Jacobsen, Fredrik Beer"]
[Black "Kristiansen, Jens"]
[Result "0-1"]
[WhiteElo "2012"]
[BlackElo "2412"]
[PlyCount "81"]
[EventDate "2014.07.21"]
[EventType "swiss"]
[EventRounds "10"]
[EventCountry "DEN"]
[Source "ChessBase"]
[SourceDate "2014.08.29"]

1. e4 c5 2. Nc3 Nc6 3. g3 g6 4. Bg2 Bg7 5. d3 d6 6. Be3 e5 7. Qd2 Nge7 8. Nge2
Nd4 9. O-O O-O 10. Nc1 Be6 11. Nd1 Qd7 12. c3 Ndc6 13. Ne2 Rad8 14. c4 Nd4 15.
Nxd4 cxd4 16. Bh6 b5 17. Bxg7 Kxg7 18. b3 bxc4 19. dxc4 f5 20. f3 fxe4 21. fxe4
Rxf1+ 22. Kxf1 Ng8 23. Nf2 Nf6 24. Kg1 Qb7 25. Rf1 Qb6 26. h3 h6 27. g4 g5 28.
h4 Nh7 29. hxg5 Nxg5 30. Nh3 Nxh3+ 31. Bxh3 Rg8 32. Kh2 Qb7 33. Qd3 Qe7 34. Qf3
Qg5 35. Rf2 Kg6 36. Qe2 Kh7 37. b4 h5 38. Qd2 hxg4 39. Qxg5 Rxg5 40. Rg2 Kg6
41. Bxg4 0-1

[Event "36. Copenhagen Open (Politiken Cup)"]
[Site "Elsinore"]
[Date "2014.07.24"]
[Round "5"]
[White "Jensen, Michael Agermose"]
[Black "Leutwyler, Martin"]
[Result "0-1"]
[WhiteElo "2011"]
[BlackElo "2190"]
[PlyCount "54"]
[EventDate "2014.07.21"]
[EventType "swiss"]
[EventRounds "10"]
[EventCountry "DEN"]
[Source "ChessBase"]
[SourceDate "2014.08.29"]

1. e4 c6 2. d4 d5 3. e5 Bf5 4. Nc3 e6 5. g4 Bg6 6. Nge2 c5 7. h4 h5 8. Nf4 Bh7
9. Nxh5 cxd4 10. Qxd4 Nc6 11. Bb5 Nge7 12. Bh6 a6 13. Qf4 Rg8 14. Bxc6+ Nxc6
15. O-O-O Qc7 16. Qa4 O-O-O 17. Bg5 Rd7 18. Rhe1 Bb4 19. Bd2 Be7 20. g5 Nb4 21.
Ne4 Nd3+ 22. Kb1 Nxe1 23. Rxe1 Bxe4 24. Re3 Bc5 25. Rc3 d4 26. Rc4 Bc6 27. Qb3
Bd5 0-1

[Event "36. Copenhagen Open (Politiken Cup)"]
[Site "Elsinore"]
[Date "2014.07.24"]
[Round "5"]
[White "Jensen, Morten Frank"]
[Black "Dahl, Steve"]
[Result "1/2-1/2"]
[WhiteElo "2005"]
[BlackElo "1802"]
[PlyCount "43"]
[EventDate "2014.07.21"]
[EventType "swiss"]
[EventRounds "10"]
[EventCountry "DEN"]
[Source "ChessBase"]
[SourceDate "2014.08.29"]

1. e4 e6 2. Nf3 d5 3. Nc3 dxe4 4. Nxe4 Nf6 5. Ng3 Be7 6. d4 c5 7. c3 cxd4 8.
cxd4 O-O 9. Be2 b6 10. O-O Ba6 11. Be3 Bxe2 12. Qxe2 Nc6 13. Rac1 Nb4 14. a3
Nbd5 15. Ne5 Bd6 16. Rc2 Rc8 17. Rfc1 Rxc2 18. Rxc2 Bxe5 19. dxe5 Nxe3 20. fxe3
Nd5 21. Rc1 Qg5 22. Rc2 1/2-1/2

[Event "36. Copenhagen Open (Politiken Cup)"]
[Site "Elsinore"]
[Date "2014.07.24"]
[Round "5"]
[White "Jensen, Soren"]
[Black "Keen, Cosima C"]
[Result "1-0"]
[WhiteElo "1922"]
[BlackElo "1729"]
[PlyCount "87"]
[EventDate "2014.07.21"]
[EventType "swiss"]
[EventRounds "10"]
[EventCountry "DEN"]
[Source "ChessBase"]
[SourceDate "2014.08.29"]

1. f4 d5 2. Nf3 g6 3. e3 Bg7 4. Be2 Nf6 5. O-O O-O 6. d4 e6 7. Qe1 Nbd7 8. c3
c5 9. Bd3 b6 10. Nbd2 Bb7 11. a4 Qc7 12. h3 a6 13. Nh2 Rfd8 14. Ndf3 Ne8 15.
Ng4 Ndf6 16. Qh4 c4 17. Bc2 Qe7 18. Ng5 Nh5 19. Qe1 h6 20. Nf3 Nd6 21. Nfe5 b5
22. Bd2 f5 23. Nxg6 Qe8 24. N4e5 Nf6 25. Nh4 Nde4 26. a5 Nxd2 27. Qxd2 Ne4 28.
Bxe4 dxe4 29. Qf2 Bxe5 30. fxe5 Rd7 31. Kh2 h5 32. g3 Qe7 33. Ng2 Rb8 34. Nf4
Qf7 35. Qe2 Bd5 36. Qxh5 b4 37. Qxf7+ Kxf7 38. g4 bxc3 39. bxc3 Rb2+ 40. Kg3
Rd8 41. Nxd5 Rxd5 42. gxf5 exf5 43. Rxf5+ Ke7 44. Kf4 1-0

[Event "36. Copenhagen Open (Politiken Cup)"]
[Site "Elsinore"]
[Date "2014.07.24"]
[Round "5"]
[White "Jensen, Soren Holm"]
[Black "Hansen, Tommy"]
[Result "1/2-1/2"]
[WhiteElo "1975"]
[BlackElo "1797"]
[PlyCount "83"]
[EventDate "2014.07.21"]
[EventType "swiss"]
[EventRounds "10"]
[EventCountry "DEN"]
[Source "ChessBase"]
[SourceDate "2014.08.29"]

1. e4 c5 2. Nf3 e6 3. d4 cxd4 4. Nxd4 a6 5. Bd3 Nf6 6. c4 Qc7 7. Nc3 Nc6 8.
Nxc6 dxc6 9. O-O e5 10. Qe2 Be7 11. h3 O-O 12. Be3 Be6 13. Rfd1 Rfd8 14. Na4
Nd7 15. c5 Qa5 16. Qc2 Qc7 17. b4 a5 18. a3 axb4 19. axb4 Nb8 20. Nb6 Rxa1 21.
Rxa1 h6 22. Bc4 Bxc4 23. Nxc4 Na6 24. Qc3 f6 25. Nb6 Bf8 26. Kf1 Qe7 27. Ke2
Nc7 28. Rd1 Rxd1 29. Kxd1 Nb5 30. Qc4+ Kh7 31. Ke2 g6 32. Qd3 Kg7 33. f3 h5 34.
h4 Qe6 35. Qc4 Kf7 36. Kd3 Na3 37. Qxe6+ Kxe6 38. Kc3 Be7 39. Kb3 Nb5 40. Nc4
Bd8 41. g4 Bc7 42. Kc2 1/2-1/2

[Event "36. Copenhagen Open (Politiken Cup)"]
[Site "Elsinore"]
[Date "2014.07.24"]
[Round "5"]
[White "Jensen, Thore Nyboe"]
[Black "Arbeus, Carl Johan"]
[Result "1-0"]
[WhiteElo "2058"]
[BlackElo "1819"]
[PlyCount "79"]
[EventDate "2014.07.21"]
[EventType "swiss"]
[EventRounds "10"]
[EventCountry "DEN"]
[Source "ChessBase"]
[SourceDate "2014.08.29"]

1. e4 e5 2. Nf3 d6 3. d4 Nd7 4. Bc4 h6 5. O-O Ngf6 6. Re1 Be7 7. Nbd2 O-O 8.
Nf1 c6 9. Ng3 Nxe4 10. dxe5 Nxg3 11. exd6 Bxd6 12. Qxd6 Nf5 13. Qd1 Nf6 14. Bf4
Qb6 15. Ne5 Nd5 16. Bxd5 cxd5 17. b3 Be6 18. Qd3 Qd4 19. Qxd4 Nxd4 20. Rac1
Rac8 21. c3 Nb5 22. c4 dxc4 23. Nxc4 Bxc4 24. bxc4 Na3 25. Bd6 Nxc4 26. Bxf8
Kxf8 27. a4 a6 28. Re4 b5 29. Rd4 Ke7 30. Re1+ Kf6 31. axb5 axb5 32. Rd5 Rb8
33. Rb1 Na3 34. Rb4 Rc8 35. g4 Rc1+ 36. Kg2 Rc2 37. Kg3 Rc3+ 38. f3 Ke6 39. Rd1
Rc5 40. Re4+ 1-0

[Event "36. Copenhagen Open (Politiken Cup)"]
[Site "Elsinore"]
[Date "2014.07.24"]
[Round "5"]
[White "Johannesen, Lars Peter Meldgaar"]
[Black "Strachan, Christian C"]
[Result "1-0"]
[WhiteElo "1711"]
[BlackElo "1918"]
[PlyCount "73"]
[EventDate "2014.07.21"]
[EventType "swiss"]
[EventRounds "10"]
[EventCountry "DEN"]
[Source "ChessBase"]
[SourceDate "2014.08.29"]

1. e4 e6 2. d4 d5 3. exd5 exd5 4. Bd3 Nc6 5. c3 Bd6 6. Nf3 Nge7 7. Qc2 Bg4 8.
Nh4 Qd7 9. h3 Be6 10. Be3 O-O-O 11. Nd2 f5 12. f4 h6 13. Nhf3 Ng6 14. Ne5 Bxe5
15. fxe5 Na5 16. Nf3 Nc4 17. Bc1 Ne7 18. b3 Nb6 19. Ba3 f4 20. Nh4 Rhe8 21. Ng6
Nxg6 22. Bxg6 Bf7 23. Bf5 Be6 24. Bg6 Bf7 25. Bf5 Be6 26. Bg6 Rh8 27. Rf1 Kb8
28. Rxf4 Nc8 29. O-O-O Ne7 30. Rdf1 b6 31. Bf7 Nc6 32. Qg6 Bxf7 33. Rxf7 Qe8
34. e6 Kb7 35. Re1 Rc8 36. Qg3 g5 37. Bd6 1-0

[Event "36. Copenhagen Open (Politiken Cup)"]
[Site "Elsinore"]
[Date "2014.07.24"]
[Round "5"]
[White "Jorgensen, Dennis"]
[Black "Schandorff, Lars"]
[Result "0-1"]
[WhiteElo "2216"]
[BlackElo "2529"]
[PlyCount "158"]
[EventDate "2014.07.21"]
[EventType "swiss"]
[EventRounds "10"]
[EventCountry "DEN"]
[Source "ChessBase"]
[SourceDate "2014.08.29"]

1. d4 Nf6 2. Nf3 e6 3. g3 c5 4. Bg2 Nc6 5. O-O cxd4 6. Nxd4 Qb6 7. Nb3 d5 8.
Be3 Qa6 9. a4 Na5 10. Nd4 Nc4 11. Bc1 Bd7 12. Nc3 Bb4 13. Ndb5 Rc8 14. Ra2 O-O
15. Bg5 Bxb5 16. Nxb5 Be7 17. b3 Ne5 18. Bxf6 Bxf6 19. e4 dxe4 20. Bxe4 Rfd8
21. Qe2 Rd7 22. Rd1 Rxd1+ 23. Qxd1 Rd8 24. Qe2 Nc6 25. c3 Qb6 26. Qc2 g6 27.
Na3 Ne5 28. a5 Qc7 29. Nb5 Qc5 30. Nd4 Rd7 31. a6 bxa6 32. Rxa6 Rc7 33. Ra4
Qxc3 34. Qxc3 Rxc3 35. Rxa7 Ng4 36. Rd7 Kf8 37. h3 Nh6 38. Nc6 Rxb3 39. Ra7 Rb2
40. Ra8+ Kg7 41. Ra4 Ng8 42. Ra7 h5 43. Rd7 Nh6 44. Kg2 Bc3 45. Rd1 f5 46. Bf3
Kf6 47. Kf1 Nf7 48. Rd3 Bb4 49. Nxb4 Rxb4 50. h4 Ne5 51. Rc3 Rb2 52. Be2 Rb6
53. Bf3 Rd6 54. Ke2 Rd4 55. Ke3 Rb4 56. Be2 Re4+ 57. Kd2 Nf7 58. Rc6 Rd4+ 59.
Ke3 Rd7 60. Ra6 Nd6 61. f3 Ke7 62. Kf4 Nf7 63. Ke3 Rc7 64. Ra3 Kf6 65. Rb3 Ra7
66. Rc3 Ne5 67. Rb3 Ra4 68. Rc3 Nf7 69. Rc6 Ra3+ 70. Kf2 Ne5 71. Rc8 Nd7 72.
Rc6 Ne5 73. Rc8 Rb3 74. Rc7 Rb6 75. Ke3 Nc6 76. Bc4 Ne7 77. Rd7 Rc6 78. Kd3 Nc8
79. Kd4 Rxc4+ 0-1

[Event "36. Copenhagen Open (Politiken Cup)"]
[Site "Elsinore"]
[Date "2014.07.24"]
[Round "5"]
[White "Justinussen, Sigurd B"]
[Black "Derakhshani, Dorsa"]
[Result "1/2-1/2"]
[WhiteElo "1978"]
[BlackElo "2169"]
[PlyCount "175"]
[EventDate "2014.07.21"]
[EventType "swiss"]
[EventRounds "10"]
[EventCountry "DEN"]
[Source "ChessBase"]
[SourceDate "2014.08.29"]

1. e4 e5 2. Bc4 Nc6 3. d3 Nf6 4. Nf3 Bc5 5. O-O O-O 6. Bg5 Be7 7. c3 h6 8. Bh4
Nh5 9. Bg3 Nxg3 10. hxg3 d6 11. Nbd2 Bg4 12. b4 Kh8 13. Bd5 Qe8 14. a4 Nd8 15.
Qc2 c6 16. Bc4 f5 17. b5 Qg6 18. Nh2 Bh5 19. Rae1 f4 20. gxf4 Rxf4 21. Re3 Bg5
22. Ndf3 Be7 23. d4 exd4 24. Nxd4 d5 25. Bd3 dxe4 26. Bxe4 Qg5 27. Nf5 Bf8 28.
Kh1 Bg6 29. Rg3 Qf6 30. Rf3 Ne6 31. bxc6 bxc6 32. Ng3 Bxe4 33. Nxe4 Qg6 34.
Rxf4 Nxf4 35. f3 Rd8 36. Qf2 Rd3 37. Ng4 Qh5+ 38. Kg1 Qa5 39. Rb1 Rxc3 40. Qd2
Rc1+ 41. Rxc1 Qxd2 42. Nxd2 Ne2+ 43. Kf1 Nxc1 44. Ne5 Bb4 45. Ndc4 c5 46. Nc6
a6 47. Nb8 a5 48. Nc6 Nb3 49. Ke2 Nc1+ 50. Ke3 Na2 51. Nxb4 cxb4 52. Nxa5 Nc3
53. Kd3 Nxa4 54. Kc4 Nb2+ 55. Kb3 Nd3 56. Nc4 Kh7 57. Ne3 Kg6 58. Kc4 Nf4 59.
Kxb4 Kg5 60. Kc3 g6 61. Kd2 Kh4 62. Ke1 Kg3 63. Kf1 h5 64. Kg1 Ne2+ 65. Kf1 Nd4
66. Kg1 Nxf3+ 67. gxf3 Kxf3 68. Nf1 g5 69. Kh2 g4 70. Nd2+ Ke3 71. Nf1+ Kf2 72.
Ng3 h4 73. Ne4+ Kf3 74. Ng5+ Kf4 75. Nh3+ Kf3 76. Ng5+ Kf2 77. Nh3+ Kf1 78. Nf4
Kf2 79. Nh3+ Ke2 80. Ng1+ Kf1 81. Kh1 Kf2 82. Kh2 Kf1 83. Kh1 Ke1 84. Kg2 Kd1
85. Nf3 h3+ 86. Kg3 gxf3 87. Kxf3 h2 88. Kg2 1/2-1/2

[Event "36. Copenhagen Open (Politiken Cup)"]
[Site "Elsinore"]
[Date "2014.07.24"]
[Round "5"]
[White "Kaasen, Tor Fredrik"]
[Black "Jacobsen, Mikkel Manosri"]
[Result "1-0"]
[WhiteElo "1676"]
[BlackElo "2030"]
[PlyCount "113"]
[EventDate "2014.07.21"]
[EventType "swiss"]
[EventRounds "10"]
[EventCountry "DEN"]
[Source "ChessBase"]
[SourceDate "2014.08.29"]

1. e4 c6 2. d4 d5 3. Nc3 dxe4 4. Nxe4 Bf5 5. Ng3 Bg6 6. h4 h6 7. Nf3 Nd7 8. h5
Bh7 9. Bd3 Bxd3 10. Qxd3 Ngf6 11. Bf4 e6 12. O-O-O Be7 13. Ne4 Nxe4 14. Qxe4
Nf6 15. Qe2 Qa5 16. Kb1 Nxh5 17. Bd2 Qf5 18. Ne5 Nf6 19. g4 Qe4 20. Qc4 Nxg4
21. Qb3 Nxf2 22. Qxb7 O-O 23. Nxc6 Ba3 24. Rhe1 Qd5 25. bxa3 Rab8 26. Ne7+ Kh7
27. Nxd5 Rxb7+ 28. Nb4 Nxd1 29. Rxd1 a5 30. c4 Rc8 31. c5 e5 32. Kc2 axb4 33.
axb4 exd4 34. Kd3 Ra7 35. Ra1 Kg6 36. a4 Kf6 37. a5 Ke6 38. Kc4 h5 39. b5 Rac7
40. Bb4 g5 41. b6 h4 42. bxc7 Rxc7 43. a6 Ra7 44. Kb5 g4 45. Rh1 g3 46. Rxh4 f5
47. Rh1 f4 48. Be1 Rg7 49. Kb6 d3 50. a7 Rg8 51. Rg1 Kd5 52. Bxg3 fxg3 53. Rxg3
Rc8 54. Rxd3+ Kc4 55. Rd7 Rg8 56. Kb7 Kxc5 57. a8=Q 1-0

[Event "36. Copenhagen Open (Politiken Cup)"]
[Site "Elsinore"]
[Date "2014.07.24"]
[Round "5"]
[White "Klings, Peter"]
[Black "Molvig, Julius"]
[Result "1-0"]
[WhiteElo "2128"]
[BlackElo "1892"]
[PlyCount "79"]
[EventDate "2014.07.21"]
[EventType "swiss"]
[EventRounds "10"]
[EventCountry "DEN"]
[Source "ChessBase"]
[SourceDate "2014.08.29"]

1. Nf3 Nf6 2. d4 g6 3. c4 Bg7 4. Nc3 O-O 5. Bg5 d6 6. e3 c5 7. d5 h6 8. Bh4 g5
9. Bg3 Nh5 10. Nd2 Nxg3 11. hxg3 Bf5 12. Be2 Nd7 13. f4 gxf4 14. gxf4 Bh7 15.
Nde4 Nf6 16. Nxf6+ exf6 17. Bd3 f5 18. Qc2 Re8 19. Kf2 Bg6 20. g4 fxg4 21. Bxg6
fxg6 22. Qxg6 Qf6 23. Qxf6 Bxf6 24. Rag1 Kh7 25. Rxg4 Bxc3 26. bxc3 Rg8 27.
Rhg1 Rxg4 28. Rxg4 h5 29. Rg1 Re8 30. Kf3 Re7 31. e4 Rf7 32. f5 Rf6 33. Kf4 Rh6
34. e5 dxe5+ 35. Kxe5 h4 36. d6 h3 37. d7 h2 38. Rh1 Rh3 39. d8=Q Re3+ 40. Kf6
1-0

[Event "36. Copenhagen Open (Politiken Cup)"]
[Site "Elsinore"]
[Date "2014.07.24"]
[Round "5"]
[White "Kovshoj, Sune"]
[Black "Rose, Dennis Lauge"]
[Result "1-0"]
[WhiteElo "2086"]
[BlackElo "1839"]
[PlyCount "65"]
[EventDate "2014.07.21"]
[EventType "swiss"]
[EventRounds "10"]
[EventCountry "DEN"]
[Source "ChessBase"]
[SourceDate "2014.08.29"]

1. e4 c5 2. Nf3 Nc6 3. Nc3 d6 4. d4 cxd4 5. Nxd4 e5 6. Nde2 Bg4 7. h3 Bh5 8. g4
Bg6 9. Bg2 h5 10. Ng3 hxg4 11. hxg4 Rxh1+ 12. Bxh1 Be7 13. Be3 Qd7 14. Nd5
O-O-O 15. Bxa7 Qe6 16. Bb6 Bh4 17. Nf5 Bxf5 18. exf5 Qh6 19. Qf3 Bg5 20. c3 Re8
21. Qe4 Nge7 22. Kd1 Kd7 23. Kc2 Ra8 24. a4 Rc8 25. Rd1 Nxd5 26. Rxd5 Bf4 27.
b4 Qh3 28. Bf3 Qf1 29. Rd1 Qa6 30. a5 Ne7 31. Qxb7+ Qxb7 32. Bxb7 Rb8 33. a6
1-0

[Event "36. Copenhagen Open (Politiken Cup)"]
[Site "Elsinore"]
[Date "2014.07.24"]
[Round "5"]
[White "Langer, Peter"]
[Black "Olsson, Tomas"]
[Result "0-1"]
[WhiteElo "1546"]
[BlackElo "1872"]
[PlyCount "116"]
[EventDate "2014.07.21"]
[EventType "swiss"]
[EventRounds "10"]
[EventCountry "DEN"]
[Source "ChessBase"]
[SourceDate "2014.08.29"]

1. d4 Nf6 2. Nf3 e6 3. Bf4 c5 4. c3 b6 5. Nbd2 Bb7 6. h3 Be7 7. e3 d6 8. Bd3
cxd4 9. exd4 Nbd7 10. O-O O-O 11. Re1 Re8 12. Nc4 Nf8 13. Rc1 Qd7 14. Nfd2 Red8
15. Qc2 Rac8 16. Bh2 Bc6 17. Re2 Bb5 18. Ne3 Bxd3 19. Qxd3 d5 20. Rce1 Bd6 21.
Be5 Ne8 22. Nf3 Ng6 23. g3 Be7 24. Ng4 Bf8 25. h4 f6 26. Bf4 e5 27. Nfxe5 fxe5
28. Nxe5 Nxe5 29. Rxe5 Nf6 30. Bg5 Re8 31. Bxf6 gxf6 32. R5e2 Rxe2 33. Rxe2 Re8
34. Rxe8 Qxe8 35. Qf3 Qe6 36. Qd3 Qe1+ 37. Kg2 Qe4+ 38. Qf3 Kf7 39. h5 Ke6 40.
g4 Bh6 41. Kg3 Qxf3+ 42. Kxf3 Bc1 43. b3 Bb2 44. Ke2 Bxc3 45. Kd3 Bb4 46. f3 h6
47. f4 f5 48. g5 hxg5 49. fxg5 Be7 50. g6 Bf8 51. Ke3 Kf6 52. Kf4 Bh6+ 53. Kf3
Kg5 54. Ke3 Kxh5+ 55. Kf3 Kxg6 56. a4 Bd2 57. Ke2 Bb4 58. Kd3 Kg5 0-1

[Event "36. Copenhagen Open (Politiken Cup)"]
[Site "Elsinore"]
[Date "2014.07.24"]
[Round "5"]
[White "Haagen Larsen, Hans"]
[Black "Koetz, Andreas"]
[Result "0-1"]
[WhiteElo "1683"]
[BlackElo "2031"]
[PlyCount "141"]
[EventDate "2014.07.21"]
[EventType "swiss"]
[EventRounds "10"]
[EventCountry "DEN"]
[Source "ChessBase"]
[SourceDate "2014.08.29"]

1. d4 Nf6 2. Nf3 g6 3. Bf4 Bg7 4. e3 d6 5. h3 O-O 6. Be2 Nfd7 7. c3 e5 8. dxe5
dxe5 9. Bg5 Qe8 10. Nbd2 Nc5 11. Qc2 a6 12. Nb3 Ne6 13. Bh4 Nc6 14. O-O-O a5
15. Kb1 a4 16. Nbd2 Nc5 17. e4 h6 18. Ne1 Na5 19. Nd3 Nab3 20. Nxc5 Nxc5 21.
Bg3 Be6 22. Bc4 b5 23. Bxe6 Qxe6 24. Nf3 f6 25. Rd5 Qb6 26. a3 c6 27. Rd6 Nb7
28. Rd7 Rad8 29. Rhd1 Nc5 30. Rxd8 Rxd8 31. Rxd8+ Qxd8 32. Qd2 Qc7 33. Qe2 Kf7
34. Kc2 Bf8 35. Nd2 Ne6 36. f3 Bc5 37. Qd3 Ke7 38. Nf1 h5 39. Qd2 Kf7 40. Bf2
Bxf2 41. Qxf2 c5 42. Qd2 Qd8 43. Qxd8 Nxd8 44. g3 Ne6 45. h4 Ke7 46. Ne3 Kd6
47. Nd5 f5 48. Kd3 c4+ 49. Ke3 fxe4 50. fxe4 Nc5 51. Kf3 Kd7 52. g4 hxg4+ 53.
Ke3 g3 54. h5 g2 55. Kf2 Nxe4+ 56. Kxg2 gxh5 57. Kh3 Ke6 58. Nc7+ Kf5 59. Kh4
Nd6 60. Nd5 Ke4 61. Nf6+ Kf3 62. Nxh5 e4 63. Kg5 e3 64. Nf4 e2 65. Nxe2 Kxe2
66. Kf4 Kd3 67. Ke5 Nc8 68. Kd5 Kc2 69. Kc5 Na7 70. Kb6 Kxb2 71. Kxa7 0-1

[Event "36. Copenhagen Open (Politiken Cup)"]
[Site "Elsinore"]
[Date "2014.07.24"]
[Round "5"]
[White "Larsen, Preben R"]
[Black "Jacobsen, Per"]
[Result "1/2-1/2"]
[WhiteElo "1833"]
[BlackElo "1655"]
[PlyCount "82"]
[EventDate "2014.07.21"]
[EventType "swiss"]
[EventRounds "10"]
[EventCountry "DEN"]
[Source "ChessBase"]
[SourceDate "2014.08.29"]

1. c4 Nf6 2. Nc3 d5 3. cxd5 Nxd5 4. e4 Nxc3 5. bxc3 g6 6. Nf3 Bg7 7. Bc4 O-O 8.
O-O Bg4 9. h3 Bxf3 10. Qxf3 Nd7 11. d4 c5 12. Be3 Nb6 13. Bb3 cxd4 14. cxd4 e6
15. Rad1 Qe7 16. Rd2 Rac8 17. Rfd1 Rc3 18. Rd3 Rfc8 19. d5 Rxd3 20. Rxd3 exd5
21. exd5 Be5 22. Bf4 Bd6 23. g3 Bxf4 24. gxf4 Qe1+ 25. Kg2 Rc1 26. Rd1 Rxd1 27.
Bxd1 Qe7 28. Bb3 Qd6 29. Qe4 Nd7 30. Qe8+ Kg7 31. Qd8 a6 32. Qc8 Nc5 33. Bc4 b5
34. Qc6 Ne4 35. Bd3 Qxf4 36. Bxe4 Qxe4+ 37. Kg1 Qe1+ 38. Kg2 Qe4+ 39. Kf1 Qh1+
40. Ke2 Qe4+ 41. Kd2 Qd4+ 1/2-1/2

[Event "36. Copenhagen Open (Politiken Cup)"]
[Site "Elsinore"]
[Date "2014.07.24"]
[Round "5"]
[White "Laustsen, Lars"]
[Black "Mozelius, Peter"]
[Result "1-0"]
[WhiteElo "2115"]
[BlackElo "1847"]
[PlyCount "53"]
[EventDate "2014.07.21"]
[EventType "swiss"]
[EventRounds "10"]
[EventCountry "DEN"]
[Source "ChessBase"]
[SourceDate "2014.08.29"]

1. d4 g6 2. c4 Bg7 3. Nf3 d6 4. g3 Nc6 5. d5 Ne5 6. Nxe5 Bxe5 7. Bg2 Bg7 8. O-O
Nf6 9. Nc3 O-O 10. e4 a6 11. h3 Rb8 12. Be3 c5 13. dxc6 bxc6 14. e5 dxe5 15.
Qxd8 Rxd8 16. Na4 Ne8 17. Rad1 Be6 18. b3 f5 19. Nc5 Nc7 20. Bxc6 f4 21. Nxe6
Nxe6 22. Ba7 Rbc8 23. Bd7 Ng5 24. h4 Nf3+ 25. Kg2 Nxh4+ 26. gxh4 Rc7 27. Be6+
1-0

[Event "36. Copenhagen Open (Politiken Cup)"]
[Site "Elsinore"]
[Date "2014.07.24"]
[Round "5"]
[White "Le Roux, Jean Pierre"]
[Black "Daulyte, Deimante"]
[Result "1-0"]
[WhiteElo "2560"]
[BlackElo "2405"]
[PlyCount "61"]
[EventDate "2014.07.21"]
[EventType "swiss"]
[EventRounds "10"]
[EventCountry "DEN"]
[Source "ChessBase"]
[SourceDate "2014.08.29"]

1. c4 Nf6 2. Nc3 e5 3. Nf3 Nc6 4. e4 Bb4 5. d3 O-O 6. g3 d6 7. Bg2 Nd4 8. Nxd4
exd4 9. a3 Ba5 10. b4 dxc3 11. bxa5 c6 12. Qa4 d5 13. cxd5 cxd5 14. O-O d4 15.
Rb1 Re8 16. f4 Re7 17. h3 Rb8 18. f5 b5 19. Qb4 Ne8 20. Bf4 Nc7 21. Bd6 Rd7 22.
e5 f6 23. Bc6 fxe5 24. Bxd7 Qxd7 25. Qc5 Rb7 26. f6 gxf6 27. Rxf6 Ne6 28. Qxe5
b4 29. Rbf1 Qg7 30. Rxe6 Qxe5 31. Rxe5 1-0

[Event "36. Copenhagen Open (Politiken Cup)"]
[Site "Elsinore"]
[Date "2014.07.24"]
[Round "5"]
[White "Liedbeck, Patrik"]
[Black "Franzen, Per Erik"]
[Result "1-0"]
[WhiteElo "1858"]
[BlackElo "2050"]
[PlyCount "69"]
[EventDate "2014.07.21"]
[EventType "swiss"]
[EventRounds "10"]
[EventCountry "DEN"]
[Source "ChessBase"]
[SourceDate "2014.08.29"]

1. e4 d6 2. d4 g6 3. c3 Bg7 4. Nf3 Nf6 5. Nbd2 O-O 6. Bc4 Nxe4 7. Nxe4 d5 8.
Bd3 dxe4 9. Bxe4 Nd7 10. O-O c6 11. Bg5 Re8 12. Re1 Qc7 13. Qd2 e5 14. Bc2 Nb6
15. Bb3 Be6 16. dxe5 Bxb3 17. axb3 Bxe5 18. Nxe5 Rxe5 19. Rxe5 Qxe5 20. Re1 Qf5
21. c4 f6 22. Bf4 Kf7 23. h3 Qd7 24. Qa5 Nc8 25. b4 b6 26. Qa2 Ne7 27. c5+ Qd5
28. Qa6 Rd8 29. Qxa7 Qd7 30. cxb6 Qxa7 31. bxa7 Ra8 32. Be3 Nc8 33. Rc1 Rxa7
34. Bxa7 Nxa7 35. b5 1-0

[Event "36. Copenhagen Open (Politiken Cup)"]
[Site "Elsinore"]
[Date "2014.07.24"]
[Round "5"]
[White "Lindblom, Roar"]
[Black "Mortensen, Jan T"]
[Result "0-1"]
[WhiteElo "1865"]
[BlackElo "2083"]
[PlyCount "82"]
[EventDate "2014.07.21"]
[EventType "swiss"]
[EventRounds "10"]
[EventCountry "DEN"]
[Source "ChessBase"]
[SourceDate "2014.08.29"]

1. d4 f5 2. c4 Nf6 3. g3 e6 4. Bg2 d6 5. Nf3 Be7 6. O-O O-O 7. Qb3 a5 8. Rd1
Qe8 9. Nc3 a4 10. Qc2 Nc6 11. d5 Nb4 12. Qd2 e5 13. a3 Na6 14. Qc2 Nc5 15. Bg5
Qh5 16. Bxf6 Rxf6 17. Nd2 Rh6 18. Nf1 Bd7 19. Bf3 Qf7 20. Nd2 Rf8 21. b4 axb3
22. Nxb3 Nxb3 23. Qxb3 e4 24. Bg2 Qh5 25. e3 Qxh2+ 26. Kf1 b6 27. Ne2 Bf6 28.
Rab1 Be5 29. Qc2 Be8 30. Rd2 Bh5 31. Ng1 Ra8 32. Qb3 Be8 33. Ra2 Ba4 34. Qb4
Rg6 35. Bh3 Bxg3 36. Bxf5 Rf6 37. Be6+ Kh8 38. Rbb2 Be5 39. Rb1 Raf8 40. Qd2
Rg6 41. Nh3 Qh1+ 0-1